000 00511ntaaa2200181 4500
003 01
005 20251027201054.0
008 0714s1973 ag 01
040 _aAR-BaBN
_bspa
_cAR-BaBN
_eaacr
_dRIC
082 _a197 B45
100 _aBerdiaeff, Nicolas
_98175
245 _aCinco Meditaciones Sobre la Existencia. Soledad, Sociedad y Comunidad. /
_cNicolas Berdiaeff
250 _a1 ed.
260 _aMéxico :
_bCasa Unida de Publicaciones,
_cc1948
300 _a224 p.
650 _aFilosofía
942 _cBK
999 _c4883
_d4883